000
00271nam a22001097a 4500
008
170123b xxu||||| |||| 00| 0 eng d
020
_a
0323023916
041
_a
eng
080
_2
3RD
_a
618.2
245
_a
NURSING OUTCOMES CLASSIFICATION (NOC)
_c
MOORHEAD, S
942
_2
udc
_c
BK
999
_c
3372
_d
3372